| 000 | 00000nam 2200000za 4500 |
| 001 | 9.840401 |
| 003 | CaOODSP |
| 005 | 20240228150754 |
| 007 | cr ||||||||||| |
| 008 | 170726q2016 quc |o f|0| 0 fre d |
| 040 | |aCaOODSP|bfre |
| 043 | |an-cn--- |
| 086 | 1 |aEm8-31/2016F-PDF |
| 245 | 00|aSi un accident de travail se produit ... |h[ressource électronique]. |
| 260 | |a[Gatineau, Québec] : |bEmploi et Développement social Canada, |c[2016]. |
| 300 | |a[1] p. |
| 500 | |aPubl. aussi en anglais sous le titre : If a work-related accident occurs. |
| 500 | |aTitre de départ. |
| 692 | 07|2gccst|aAccident de travail |
| 710 | 1 |aCanada. |bEmploi et développement social Canada. |
| 775 | 08|tIf a work-related accident occurs ... |w(CaOODSP)9.840392 |
| 856 | 40|qPDF|s122 Ko|uhttps://publications.gc.ca/collections/collection_2017/edsc-esdc/Em8-31-2016-fra.pdf |
| 986 | |aLT-205-05-16 |